00315nam a22001217a 450000500170000002000230001703500120004003700130005210000290006524500510009426000230014530000250016820120404124117.0 a817214542Xc110.00 aB-27327 aDPLbENG aBanerjee, Brojendra Nath aJesus my teacher /cby Brojendra Nath Banerjee aDelhibISPCKc2000 axiii, 169p.c18 cms.